[Event "IND-ch Challengers (Women) 43rd"]
[Site "Chennai"]
[Date "2016.06.20"]
[Round "6"]
[White "Parvathy, SL."]
[Black "Palakodeti, Bhanumati"]
[Result "1-0"]
[WhiteElo "1577"]
[BlackElo "1183"]
[PlyCount "113"]
[EventDate "2016.06.17"]
[EventType "swiss"]
[EventRounds "11"]
[EventCountry "IND"]
[SourceTitle "CBM 173 Extra"]
[Source "ChessBase"]
[SourceDate "2016.08.29"]
[SourceVersion "1"]
[SourceVersionDate "2016.08.29"]
[SourceQuality "1"]

1. d4 Nf6 2. e3 d5 3. Bd3 g6 4. Nd2 Bg7 5. Ngf3 Nbd7 6. c4 c6 7. 0-0 0-0 8. b3 Re8 9. Bb2 Qc7 10. Qc2 Ng4 11. cxd5 e5 12. dxc6 bxc6 13. h3 Nh6 14. Rac1 Bb7 15. dxe5 Nxe5 16. Nxe5 Bxe5 17. Bxe5 Qxe5 18. Be4 Rac8 19. Bf3 Rc7 20. Rfd1 Nf5 21. Nc4 Qf6 22. Na5 Ne7 23. Qc5 Ba8 24. Rd6 Qb2 25. Rc2 Qa1+ 26. Rd1 Qf6 27. b4 Rb8 28. Rcd2 Rb5 29. Qd6 Qxd6 30. Rxd6 Kg7 31. Rd8 Rc8 32. Rxc8 Nxc8 33. Bxc6 Bxc6 34. Nxc6 Rb6 35. Rc1 Nd6 36. a4 a6 37. a5 Rb7 38. g4 Kf8 39. Rd1 Nb5 40. Rd8+ Kg7 41. Ne5 Nc7 42. Rd7 Kf6 43. f4 Rxb4 44. Rxf7+ Ke6 45. Rxc7 Ra4 46. Rxh7 Ra1+ 47. Kf2 Kd5 48. Rd7+ Kc5 49. Nxg6 Rxa5 50. h4 Kc6 51. Rd2 Rb5 52. h5 Rb7 53. g5 a5 54. h6 a4 55. Ne5+ Kc5 56. g6 a3 57. Nd3+ 1-0

[Event "IND-ch Challengers (Women) 43rd"]
[Site "Chennai"]
[Date "2016.06.18"]
[Round "2"]
[White "Parvathy, SL."]
[Black "Naroji, Sanskriti"]
[Result "1-0"]
[WhiteElo "1577"]
[BlackElo "1138"]
[PlyCount "125"]
[EventDate "2016.06.17"]
[EventType "swiss"]
[EventRounds "11"]
[EventCountry "IND"]
[SourceTitle "EXT 2017"]
[Source "ChessBase"]
[SourceDate "2016.10.25"]
[SourceVersion "1"]
[SourceVersionDate "2016.10.25"]
[SourceQuality "1"]

1. e4 c6 2. d4 d5 3. exd5 cxd5 4. Nf3 Nc6 5. c3 Nf6 6. Nbd2 Bg4 7. h3 Bh5 8. Qb3 Qc7 9. g3 e6 10. Bg2 Bd6 11. 0-0 0-0 12. Re1 Bg6 13. Qd1 Rac8 14. Qe2 h6 15. Ne5 Bh7 16. f4 Na5 17. g4 Nc4 18. Ndf3 Ne4 19. Nxc4 Qxc4 20. Qxc4 Rxc4 21. Ne5 Rc7 22. g5 hxg5 23. fxg5 Bxe5 24. dxe5 Nc5 25. Be3 b6 26. Bxc5 Rxc5 27. a4 Bc2 28. Re2 Bb3 29. Ra3 Bc4 30. Rd2 Ba6 31. h4 Rfc8 32. Bh3 R8c7 33. g6 Bc8 34. gxf7+ Rxf7 35. Kg2 Rc4 36. a5 b5 37. Rd4 Rf4 38. Rxc4 dxc4 39. a6 Rxh4 40. Ra5 Bd7 41. Ra1 Re4 42. Rd1 Be8 43. Bxe6+ Kf8 44. Rd5 Re2+ 45. Kf3 Rxb2 46. Bd7 b4 47. cxb4 Rxb4 48. Bxe8 Kxe8 49. Rc5 Kd7 50. Ke3 Ra4 51. Kd4 Rxa6 52. Rxc4 Rc6 53. Rb4 Rc7 54. Kd5 Ke7 55. Rg4 Rd7+ 56. Ke4 Ke6 57. Rg6+ Kf7 58. e6+ Kxg6 59. exd7 Kh5 60. d8Q g5 61. Kf5 Kh4 62. Qxg5+ Kh3 63. Kf4 1-0

[Event "IND-ch U19 Girls"]
[Site "Dindigul"]
[Date "2015.07.23"]
[Round "1"]
[White "Michelle, Catherina P"]
[Black "Parvathy, SL."]
[Result "1-0"]
[WhiteElo "2220"]
[BlackElo "1557"]
[PlyCount "83"]
[EventDate "2015.07.23"]
[EventType "swiss"]
[EventRounds "11"]
[EventCountry "IND"]
[SourceTitle "EXT 2016"]
[Source "ChessBase"]
[SourceDate "2015.10.08"]
[SourceVersion "1"]
[SourceVersionDate "2015.10.08"]
[SourceQuality "1"]

1. e4 e5 2. Nf3 Nc6 3. Bb5 a6 4. Ba4 Nf6 5. d3 b5 6. Bb3 Be7 7. 0-0 d6 8. c3 0-0 9. Re1 Bg4 10. Nbd2 Na5 11. Bc2 c5 12. h3 Be6 13. d4 Qc7 14. d5 Bd7 15. b3 Rfc8 16. Nf1 Bf8 17. Bg5 Ne8 18. N3h2 g6 19. Ng4 Bxg4 20. Qxg4 f6 21. Bd2 Nb7 22. Ng3 Bg7 23. h4 Qf7 24. h5 gxh5 25. Qh4 Qg6 26. Bd1 Bh6 27. Nf5 Bg5 28. Ne7+ Kf7 29. Nxg6 Bxh4 30. Nxh4 Ng7 31. Bh6 Rg8 32. Re3 Ne8 33. Nf5 Rg6 34. Bxh5 Nc7 35. Rg3 Rag8 36. Bd2 Ke8 37. a4 bxa4 38. Rxa4 Kd7 39. Bxg6 hxg6 40. Nh4 g5 41. Nf5 Kc8 42. Ne7+ 1-0